[Event "Naleczow"]
[Site "Naleczow"]
[Date "1988.??.??"]
[Round "8"]
[White "Andonov, Bogomil"]
[Black "Solozhenkin, Evgeniy"]
[Result "1/2-1/2"]
[WhiteElo "2415"]
[BlackElo "2400"]

1.Nf3 Nf6 2.c4 b6 3.Nc3 c5 4.d4 cxd4 5.Nxd4 g6 6.e4 d6 7.Be2 Bb7 8.f3 Bg7
9.O-O O-O 10.Bg5 Nc6 11.Nxc6 Bxc6 12.Nd5 Nxd5 13.exd5 Bd7 14.Qd2 Bf5 15.Rfe1 Re8
16.Rac1 Qc7 17.a4 Qc5+ 18.Be3 Bh6 19.Bf1 e5 20.b4 Bxe3+ 21.Rxe3 Qc7 22.c5 bxc5
23.bxc5 dxc5 24.d6 Qb6 25.Bc4 Rad8 26.Rd1 a6 27.Rb3 Qc6 28.a5 Qa4 29.Qe2 Be6
30.Bxe6 Rxe6 31.Rb6 Qxa5 32.Rxa6 Qb4 33.Rc6 h5 34.h3 Kg7 35.Kh1 e4 36.fxe4 Rxe4
37.Qf2 Re5 38.Rf1 Rf5 39.Qg1 Rxf1 40.Qxf1 Re8 41.d7  1/2-1/2

[Event "New York op"]
[Site "New York"]
[Date "1988.??.??"]
[Round "?"]
[White "Smejkal, Jan"]
[Black "Stone, Raymond"]
[Result "1-0"]
[WhiteElo "2515"]
[BlackElo "2415"]

1.c4 Nf6 2.Nc3 c5 3.Nf3 e6 4.g3 b6 5.Bg2 Bb7 6.O-O Be7 7.b3 d6 8.Bb2 O-O
9.e3 Nbd7 10.Qe2 Qc7 11.Rfd1 a6 12.Rac1 Rfe8 13.d4 Ne4 14.Nxe4 Bxe4 15.Ne1 Qb7
16.dxc5 Nxc5 17.b4 Na4 18.Ba1 Bxg2 19.Nxg2 b5 20.Nf4 bxc4 21.Rxc4 Nb6 22.Rcc1 Nd7
23.a3 Rac8 24.Nd3 Bf6 25.Bxf6 Nxf6 26.Ne1 Ne4 27.Qf3 d5 28.Rxc8 Rxc8 29.h4 Rc3
30.Qxe4  1-0

[Event "New York op"]
[Site "New York"]
[Date "1988.??.??"]
[Round "?"]
[White "Barlov, Dragan"]
[Black "Stone, Raymond"]
[Result "1/2-1/2"]
[WhiteElo "2520"]
[BlackElo "2415"]

1.Nf3 Nf6 2.c4 c5 3.Nc3 e6 4.d4 cxd4 5.Nxd4 Bb4 6.g3 O-O 7.Bg2 d5 8.Qb3 Bxc3+
9.bxc3 Nc6 10.cxd5 Na5 11.Qc2 Nxd5 12.O-O Qc7 13.e4 Nb6 14.Ba3 Rd8 15.Nb5 Qc6
16.Rab1 Nac4 17.Be7 Rd2 18.Rfd1 Qd7 19.Rxd2 Nxd2 20.Rd1 Nbc4 21.Bg5 Qxb5
22.Bxd2 e5 23.Bc1 Be6 24.f4 Na5 25.f5 Bc4 26.Be3 Nc6 27.g4 Be2 28.Rd5 Qa6
29.g5 Bc4 30.Rd2 Qa5 31.h4 Rd8 32.h5 Rxd2 33.Qxd2 Qd8 34.Qxd8+ Nxd8 35.Bxa7 Bxa2
36.Bc5 g6 37.Kf2 Bb1 38.Be7 Nc6 39.f6 gxh5 40.Kg3 Na5 41.Kh4 Nc4 42.Kxh5 Nd2
43.Bd6 Bxe4 44.Bxe4 Nxe4 45.Bxe5 Nc5 46.Bd6 Ne6 47.Kg4 h6 48.gxh6 Kh7 49.Kh5 b5
50.Kg4 Kxh6 51.Kf5 Kh5 52.Be7 Ng5 53.Ba3 Nh7 54.Bc1 Nf8 55.Bd2 Nh7 56.Be3 Nf8
57.Bc5 Nh7 58.Be7 Ng5 59.Ke5 Kg6 60.Kd5 Nh7  1/2-1/2

[Event "New York op"]
[Site "New York"]
[Date "1988.??.??"]
[Round "?"]
[White "Smejkal, Jan"]
[Black "Frias, Victor J"]
[Result "1-0"]
[WhiteElo "2515"]
[BlackElo "2485"]

1.c4 Nf6 2.Nf3 c5 3.Nc3 g6 4.e4 Bg7 5.d4 O-O 6.Be2 d6 7.O-O Na6 8.Re1 Bg4
9.d5 Nc7 10.Bg5 h6 11.Bf4 Nd7 12.Qd2 Kh7 13.Rad1 a6 14.a4 Rb8 15.Bg3 Bxf3
16.gxf3 f5 17.exf5 gxf5 18.f4 Qe8 19.Bf3 Bf6 20.Qd3 Qg6 21.Kh1 Kh8 22.Rg1 Qh7
23.Rde1 Rg8 24.Bg2 Ne8 25.Bh3 Ng7 26.Nd1 h5 27.f3 Nf8 28.Bf2 Ng6 29.Be3 Rbf8
30.Re2 Nh4 31.Bf2 Ne8 32.Rg3 Rg7 33.b3 Rfg8 34.Be1 Qh6 35.Qe3 Bd4 36.Qd2 Nxf3
37.Qd3 Ng1 38.Rxg7 Rxg7 39.Rg2 Nxh3 40.Qxh3 Rxg2 41.Kxg2 Qg6+ 42.Qg3 Kh7
43.Qxg6+ Kxg6 44.Kf3 Nf6 45.Ke2 Ne4 46.Ne3 Nf6 47.Ng2 Nh7 48.Nh4+ Kf6 49.Nf3 Bb2
50.Kd2 Kf7 51.Ng5+ Nxg5 52.fxg5 Kg6 53.h4 f4 54.Ke2 Kf5 55.Kf3 Bc1 56.Ba5 Be3
57.Bd8 e5 58.dxe6 Kxe6 59.g6 Bd2 60.Bg5 Bc3 61.Kxf4 Be5+ 62.Ke4 Bg3 63.g7 Kf7
64.Bf6 Bf2 65.Kf5 Be3 66.Be7 Kxg7 67.Bxd6 Kf7 68.Bf4 Bd4 69.Kg5 Ke6 70.Kxh5 Kf5
71.Bg5 Bf2 72.Kh6 Bxh4 73.Bxh4 Ke4 74.a5 Kd3 75.Bf2 Kc3 76.Bxc5 Kxb3 77.Kg6 Kxc4
78.Bb6 Kd5 79.Kf7  1-0

[Event "Novi Sad op"]
[Site "Novi Sad"]
[Date "1988.??.??"]
[Round "6"]
[White "Sher, Miron N"]
[Black "Mihajlovic, Miodrag"]
[Result "1-0"]
[WhiteElo "2345"]
[BlackElo "2310"]

1.c4 Nf6 2.Nc3 c5 3.Nf3 e6 4.e3 b6 5.d4 cxd4 6.exd4 d6 7.Bd3 Be7 8.O-O O-O
9.Re1 Bb7 10.a3 Nbd7 11.b4 a6 12.Bb2 Re8 13.d5 e5 14.Nd2 Bf8 15.Nb3 g6 16.a4 a5
17.bxa5 bxa5 18.Nb5 e4 19.Be2 e3 20.fxe3 Rxe3 21.Bd4 Re8 22.Bf1 Ne5 23.Qd2 Nfg4
24.h3 Qh4 25.Qc3 Nh6 26.Nc7 Nf5 27.Bf2 Qg5 28.Nd4 Nxd4 29.Bxd4 Bg7 30.Nxa8 Nf3+
31.Qxf3 Bxd4+ 32.Kh1 Rxa8 33.Rab1 Ba6 34.c5 Bxc5 35.Bxa6 Rxa6 36.Rb7 Qf5
37.Qxf5 gxf5 38.Ree7 Ra8 39.Rxf7 Re8 40.Rg7+ Kh8 41.Rxh7+ Kg8 42.Rbg7+ Kf8
43.Rh8+  1-0

[Event "Oakham House"]
[Site "Oakham"]
[Date "1988.??.??"]
[Round "1"]
[White "Chow, Albert"]
[Black "Findlay, Ian T"]
[Result "0-1"]
[WhiteElo "2305"]
[BlackElo "2355"]

1.Nf3 c5 2.c4 Nf6 3.Nc3 d5 4.cxd5 Nxd5 5.d4 Nxc3 6.bxc3 g6 7.e4 Bg7 8.Bb5+ Nc6
9.O-O cxd4 10.cxd4 O-O 11.Be3 Bd7 12.Rb1 a6 13.Be2 b5 14.d5 Ne5 15.Nxe5 Bxe5
16.f4 Bc3 17.Qb3 Qa5 18.Bc5 Rfe8 19.Rf3 Bd2 20.f5 Rac8 21.Bd4 b4 22.Bc4 Bb5
23.Bxb5 Qxb5 24.fxg6 hxg6 25.Rbf1 Qc4 26.Qb2 Bc3 27.Bxc3 bxc3 28.Qc2 Qd4+
29.Kh1 Qd2 30.R1f2 Qxc2 31.Rxc2 Rc4 32.Rfxc3 Rxe4 33.Kg1 Rd4 34.Ra3 Rxd5
35.Rxa6 Red8 36.a4 Rf5 37.h3 Rd1+ 38.Kh2 Ra1 39.Ra7 e6 40.Rc8+ Kg7 41.g4 Ra2+
42.Kg3 Ra3+ 43.Kg2 Rff3 44.Rcc7 Rg3+ 45.Kf2 Raf3+ 46.Ke2 Rxh3 47.a5 Re3+
48.Kd2 Rd3+ 49.Ke2 Rhe3+ 50.Kf2 Rf3+ 51.Ke2 Rde3+ 52.Kd2 Ra3 53.g5 Ra2+ 54.Ke1 Re3+
55.Kd1 Rh3 56.Rxf7+ Kg8 57.Rg7+ Kh8 58.Rh7+ Rxh7 59.Ra8+ Kg7 60.Ra7+ Kg8
61.Ra8+ Kf7 62.Ra7+ Kf8 63.Rxh7 Rxa5 64.Ke2 Rxg5 65.Kf3 Rf5+ 66.Kg4 Rf7 67.Rh8+ Kg7
68.Re8 Kf6 69.Kf4 Ra7  0-1

[Event "Oakham House"]
[Site "Oakham"]
[Date "1988.??.??"]
[Round "3"]
[White "Fuster, Geza"]
[Black "Taylor, Gordon"]
[Result "1/2-1/2"]
[WhiteElo "2235"]
[BlackElo "2335"]

1.Nf3 Nf6 2.c4 c5 3.Nc3 d5 4.cxd5 Nxd5 5.d4 e6 6.g3 Nc6 7.Bg2 cxd4 8.Nxd4 Nxc3
9.bxc3 Nxd4 10.Qxd4 Qxd4 11.cxd4 Bd6 12.O-O Rb8 13.a4 Bd7 14.Ba3 Ke7 15.Rfc1 Rhc8
16.Rxc8 Rxc8 17.Bxb7 Rc4 18.a5 Rxd4 19.a6 Bxa3 20.Rxa3 Bb5 21.e3 Ra4 22.Rb3 Bc4
23.Rb2 h6 24.Kg2 g5 25.g4 Kf6 26.h3 Ke5 27.Rd2 Bxa6 28.Bxa6 Rxa6 29.Rd7 Kf6
30.Kf3 Ra4 31.Rb7 Ra1 32.Rc7 a5 33.Ra7 a4 34.Kg2 a3 35.Kf3 Kg6 36.Kg2 a2
37.Ra6 h5 38.Ra4 hxg4 39.hxg4 Kf6 40.Ra5 Ke7 41.Ra6 Kd7 42.Ra8 Kc6 43.Ra3 Kd5
44.Ra4 Kc5 45.Ra8 Kc4 46.Ra7 Kd3 47.Ra8 Ke2 48.Ra7 f5 49.gxf5 exf5 50.Ra8 g4
51.Ra4 Kd3 52.Ra8 Kd2 53.Ra7 g3 54.fxg3  1/2-1/2

[Event "Porz"]
[Site "Porz"]
[Date "1988.??.??"]
[Round "?"]
[White "Gutman, Lev"]
[Black "Schulz, Klaus Juergen"]
[Result "1-0"]
[WhiteElo "2490"]
[BlackElo "2360"]

1.c4 c5 2.Nf3 Nf6 3.Nc3 d5 4.cxd5 Nxd5 5.d4 cxd4 6.Qxd4 Nxc3 7.Qxc3 Nc6 8.e4 e6
9.Bd2 Qf6 10.Bb5 Bd7 11.O-O Qxc3 12.Bxc3 f6 13.Rfd1 Bc5 14.Rac1 Bb6 15.Nd2 Rd8
16.Nc4 Bc7 17.Nd6+ Bxd6 18.Rxd6 Ke7 19.Rcd1 a6 20.Bb4 axb5 21.Rxc6+ Ke8 22.Rc7 b6
23.f3 g6 24.Rd6 Rg8 25.Rxb6 Rc8 26.Rxc8+ Bxc8 27.Rxb5 Kd7 28.Kf2 Kc6 29.Ra5 Rd8
30.Rc5+ Kb6 31.Ba5+ Kxc5 32.Bxd8 f5 33.Ke3 Ba6 34.Be7+ Kc4 35.g3 Bb7 36.Bf6 Bc6
37.Bc3 Kc5 38.b3 Bb5 39.a4 Bf1 40.b4+ Kc6 41.Bd4 Bc4 42.b5+ Kd7 43.b6 Ba6
44.Kf4 Bb7 45.a5 Kc6 46.Bc3 Kb5 47.Ke5 fxe4 48.fxe4 Ka6 49.g4 Ba8 50.g5 Bb7
51.h4 Ba8 52.Kxe6 Bxe4 53.Kf6 Bf3 54.Kg7 Bh5 55.Kxh7 Kb7 56.Kg7 Ka6 57.Kf6 Kb7
58.Ke5 Bg4 59.Bd4 Bh5 60.Kd6 Be2 61.Bg1 Kb8  1-0

[Event "ROM-ch"]
[Site "Predeal"]
[Date "1988.??.??"]
[Round "4"]
[White "Takacs, B."]
[Black "Ionescu, Constantin"]
[Result "1/2-1/2"]
[WhiteElo "2365"]
[BlackElo "2465"]

1.c4 Nf6 2.Nc3 c5 3.Nf3 e6 4.g3 b6 5.Bg2 Bb7 6.O-O a6 7.d4 cxd4 8.Qxd4 d6
9.Rd1 Nbd7 10.Bg5 Be7 11.Qd2 O-O 12.Bf4 Ne8 13.Rac1 Rc8 14.b3 h6 15.e4 Qc7
16.h4 Qb8 17.g4 Ne5 18.g5 hxg5 19.hxg5 g6 20.Nh2 Bc6 21.Be3  1/2-1/2

[Event "ROM-ch"]
[Site "Predeal"]
[Date "1988.??.??"]
[Round "5"]
[White "Grunberg, Sergiu Henric"]
[Black "Negulescu, Adrian"]
[Result "1/2-1/2"]
[WhiteElo "2355"]
[BlackElo "2430"]

1.c4 c5 2.Nc3 Nf6 3.Nf3 e6 4.g3 d5 5.cxd5 Nxd5 6.Bg2 Be7 7.O-O O-O 8.d4 cxd4
9.Nxd4 Nxc3 10.bxc3 a6 11.Qb3 Nd7 12.Rd1 Nc5 13.Qc2 Qc7 14.Nb3  1/2-1/2

[Event "ROM-ch"]
[Site "Predeal"]
[Date "1988.??.??"]
[Round "15"]
[White "Nicolaide, Valeriu"]
[Black "Takacs, B."]
[Result "0-1"]
[WhiteElo "2355"]
[BlackElo "2365"]

1.c4 c5 2.Nc3 Nf6 3.Nf3 d5 4.cxd5 Nxd5 5.g3 Nc6 6.Bg2 Nc7 7.O-O e5 8.d3 Be7
9.Be3 O-O 10.Rc1 Bd7 11.Nd2 b6 12.Nc4 f6 13.f4 exf4 14.gxf4 f5 15.Ne5 Nxe5
16.fxe5 Rc8 17.a3 Be6 18.Qa4 a5 19.Bb7 Rb8 20.Bc6 Kh8 21.Rcd1 Nd5 22.Bf2 Rc8
23.Bb7 Rc7 24.Bxd5 Bxd5 25.e4 Be6 26.d4 cxd4 27.Rxd4 Bd7 28.Qb3 Bc5 29.Rd5 Qg5+
30.Kh1 fxe4 31.Nxe4 Qf5 32.Nxc5 Bc6 33.Kg1 Bxd5 34.Qxd5 Rxc5  0-1

[Event "Reykjavik op"]
[Site "Reykjavik"]
[Date "1988.??.??"]
[Round "?"]
[White "Sigfusson, Sigurdur"]
[Black "Sorensen, Torben"]
[Result "1/2-1/2"]
[WhiteElo "2140"]
[BlackElo "2360"]

1.Nf3 Nf6 2.c4 c5 3.Nc3 e6 4.d4 cxd4 5.Nxd4 b6 6.Ndb5 d6 7.Bf4 e5 8.Nd5 Na6
9.Bg5 Be7 10.Nxe7 Qxe7 11.Qxd6 Qxd6 12.Nxd6+ Ke7 13.O-O-O Be6 14.e3 Rhd8
15.Nb5 Rxd1+ 16.Kxd1 Rd8+ 17.Kc1 Nb4 18.a3  1/2-1/2

[Event "Riga"]
[Site "Riga"]
[Date "1988.??.??"]
[Round "?"]
[White "Ragozin, Evgeni"]
[Black "Pigusov, Evgeny"]
[Result "0-1"]
[WhiteElo "2275"]
[BlackElo "2530"]

1.Nf3 Nf6 2.c4 c5 3.Nc3 b6 4.e3 Bb7 5.d4 cxd4 6.exd4 e6 7.a3 d6 8.d5 e5 9.Be2 Nbd7
10.b4 g6 11.O-O Bg7 12.a4 O-O 13.a5 a6 14.Nd2 Rc8 15.Nde4 Ne8 16.Qb3 bxa5
17.Rxa5 h6 18.Ra2 Kh7 19.c5 dxc5 20.bxc5 Nxc5 21.Nxc5 Rxc5 22.Qxb7 Rxc3 23.Ba3 Nd6
24.Qxa6 Rxa3 25.Rxa3 e4 26.Qc6 Be5 27.Rb1 Qf6 28.Ra8 Rxa8 29.Qxa8 e3 30.fxe3 Qh4
31.Bf3 Qxh2+ 32.Kf2 Qh4+ 33.Kg1 Nc4 34.Qa7 Kg7 35.Rd1 Nd2 36.Qd7 Nxf3+ 37.Kf1 Qh1+
38.Ke2 Qxg2+ 39.Kd3 Bf6 40.Qc8 h5 41.d6 Ne5+  0-1

[Event "URS-ch sf"]
[Site "Riga"]
[Date "1988.??.??"]
[Round "?"]
[White "Chekhov, Valery A"]
[Black "Fokin, Sergey"]
[Result "1/2-1/2"]
[WhiteElo "2480"]
[BlackElo "2380"]

1.Nf3 c5 2.c4 e6 3.Nc3 Nf6 4.e3 d5 5.cxd5 Nxd5 6.d4 Nc6 7.Bd3 Nxc3 8.bxc3 cxd4
9.exd4 Be7 10.O-O O-O 11.Re1 b6 12.h4 Bb7 13.Ng5 Bxg5 14.Bxg5 Qd5 15.Be4 Qd7
16.Re3 f5 17.Bd3 f4 18.Re4 f3 19.g3 Na5 20.Re5 Bd5 21.Bc2 Nc4 22.Qd3 g6 23.Ree1 Rac8
24.Bb3 Qf7 25.Kh2 Qg7 26.Rac1 Rf5 27.Bxc4 Bxc4 28.Qd2 Qf7 29.Re5 b5 30.Rce1 Bd5
31.Qb2 a6 32.Qa3 Rc6 33.Bh6 Rxe5 34.dxe5 Qe8 35.Rd1 Rb6 36.Rd4 b4 37.cxb4 Qb5
38.Rf4 Rb8 39.Qc1 Qe2 40.Qe3 Qf1 41.Rxf3 Bxf3 42.Qxf3 Qb5 43.Qf6 Qd7 44.a3 Qf7
45.g4 Qxf6 46.exf6 Kf7 47.Bf4 Rc8 48.g5 Rc3 49.Bd6 Rxa3 50.f4 Rd3 51.Be7 Ke8
52.Kg2 Rd5 53.Kf3 h5 54.Kg3 e5 55.fxe5 Rxe5 56.Bd6 Rd5 57.Be7 Kf7 58.Kf3 Ke6
59.Kg3 Rd3+ 60.Kg2 Rd7  1/2-1/2

[Event "Rome"]
[Site "Rome"]
[Date "1988.??.??"]
[Round "?"]
[White "Hansen, Curt"]
[Black "Lanzani, Mario"]
[Result "1-0"]
[WhiteElo "2560"]
[BlackElo "2375"]

1.c4 Nf6 2.Nc3 c5 3.Nf3 g6 4.g3 b6 5.e4 Bb7 6.d3 Bg7 7.Bg2 d6 8.O-O a6 9.Rb1 Nfd7
10.Bg5 h6 11.Be3 O-O 12.d4 cxd4 13.Bxd4 Ne5 14.Nxe5 dxe5 15.Be3 b5 16.Qxd8 Rxd8
17.Nd5 Nc6 18.c5 Rf8 19.b4 Rad8 20.Rfc1 e6 21.Nb6 Nd4 22.Bxd4 exd4 23.c6 Bc8
24.f4 e5 25.c7 Rd6 26.Nxc8  1-0

[Event "Saint John op-1"]
[Site "Saint John"]
[Date "1988.??.??"]
[Round "?"]
[White "Piasetski, Leon David"]
[Black "Dlugy, Maxim"]
[Result "0-1"]
[WhiteElo "2390"]
[BlackElo "2550"]

1.c4 c5 2.Nf3 Nf6 3.Nc3 e6 4.e4 Nc6 5.Qc2 d6 6.g3 g6 7.Bg2 Bg7 8.O-O O-O
9.d3 a6 10.h3 Rb8 11.Be3 Ne8 12.Qd2 e5 13.Nd5 b5 14.Rab1 b4 15.a3 Nc7 16.axb4 Nxd5
17.exd5 Nxb4 18.Ra1 f5 19.Ng5 Kh8 20.f4 Qf6 21.fxe5 Qxe5 22.Bf4 Qd4+ 23.Kh2 Nxd3
24.Nf3 Qxc4 25.Bxd6 Rxb2 26.Bxf8 Rxd2 27.Nxd2 Qc2 28.Bxg7+ Kxg7 29.Nf3 Bb7
30.Ng5 Bxd5  0-1

[Event "Saint John op-1"]
[Site "Saint John"]
[Date "1988.??.??"]
[Round "?"]
[White "Lalic, Bogdan"]
[Black "Suba, Mihai"]
[Result "1/2-1/2"]
[WhiteElo "2495"]
[BlackElo "2550"]

1.Nf3 c5 2.c4 Nf6 3.Nc3 e6 4.g3 b6 5.Bg2 Bb7 6.O-O a6 7.d4 cxd4 8.Qxd4 d6
9.b3 Nbd7 10.Bb2 Be7 11.e4 O-O 12.h3 Qc7 13.Rac1 Rac8 14.Rfd1 Qb8 15.Nd2 Bc6
16.Re1 Rfe8 17.Qd3 b5 18.cxb5 axb5 19.b4 Bf8 20.a3 Ne5 21.Qe2 d5 22.Nxb5 Bxb5
23.Rxc8 Rxc8 24.Bxe5 Qxe5 25.Qxb5 Rc2 26.Qd3 Qb2 27.Rd1 Rc3 28.Qd4 e5 29.Qxe5 Qc2
30.Nf1 Rxa3 31.Rd2 Qc8 32.exd5 Bxb4 33.Rb2 Qf8 34.Rc2 Ra8 35.Ne3 Bd6 36.Qf5 Rd8
37.Nc4 Ne8 38.Na5 g6 39.Qd3 Ra8 40.Nc6 Qg7 41.Qe2 Qa1+ 42.Kh2 Kg7 43.Bf3 h5
44.h4 Nf6 45.Qd2 Qb1 46.Qc1  1/2-1/2

[Event "Saint John op-2"]
[Site "Saint John"]
[Date "1988.??.??"]
[Round "?"]
[White "Foisor, Ovidiu"]
[Black "Shirazi, Kamran G"]
[Result "1-0"]
[WhiteElo "2495"]
[BlackElo "2455"]

1.Nf3 Nf6 2.c4 c5 3.Nc3 g6 4.g3 Bg7 5.Bg2 O-O 6.O-O d5 7.cxd5 Nxd5 8.Nxd5 Qxd5
9.d3 Nc6 10.Be3 Qh5 11.Rc1 b6 12.Ng5 Bd7 13.Bf3 Qh6 14.Nxf7 Qh3 15.Ng5 Qf5
16.Be4 Qf6 17.Qa4 Rac8 18.b4 cxb4 19.Bxc6 Bxc6 20.Qxa7 h6 21.Ne4 Bxe4 22.dxe4 Ra8
23.Qc7 Rxa2 24.Qc4+ Qf7 25.Qxb4 Rb2 26.Qa3 Rxe2 27.Rc7 b5 28.Qxe7 Qxe7 29.Rxe7 Rb8
30.Rb1 b4 31.Rb3 Bf6 32.Rd7 Bc3 33.h4 Rf8 34.Bc5 Rb8 35.Rd3 Rc2 36.Kg2 Rb5
37.Bd4 Be1 38.Rf3 Re2 39.Rf6 Rxe4 40.Bb2 g5 41.h5 g4 42.Rd3 Bc3 43.Bxc3 bxc3
44.Rg6+ Kf7 45.Rxh6 Rf5 46.Rh7+ Ke6 47.Rxc3 Re2 48.Re3+ Rxe3 49.fxe3 Rf3
50.Rg7 Rf5 51.h6 Rh5 52.Rxg4 Rxh6 53.Rf4 Ke7 54.g4 Rg6 55.Kg3 Ra6 56.g5 Ra1
57.Kg4 Re1 58.Rf3 Rh1 59.g6 Rh2 60.g7  1-0

[Event "Saint John op-1"]
[Site "Saint John"]
[Date "1988.??.??"]
[Round "?"]
[White "Andonov, Bogomil"]
[Black "Foisor, Ovidiu"]
[Result "1-0"]
[WhiteElo "2420"]
[BlackElo "2495"]

1.Nf3 Nf6 2.c4 c5 3.Nc3 e6 4.d4 cxd4 5.Nxd4 a6 6.g3 Qc7 7.Qd3 b6 8.Bg2 Bb7
9.Bf4 d6 10.Bxb7 Qxb7 11.Nf3 Nc6 12.O-O Be7 13.Ng5 Ne5 14.Qd4 Qc7 15.b3 O-O
16.Rfd1 Rfd8 17.Rac1 h6 18.Nge4 Ne8 19.f3 Rab8 20.a4 Rbc8 21.Qf2 Qb8 22.g4 Ng6
23.Be3 Rc6 24.Kh1 Qb7 25.g5 hxg5 26.Nxg5 d5 27.cxd5 exd5 28.Qg1 Bf6 29.Na2 Rxc1
30.Nxc1 b5 31.Qg4 Qe7 32.Bd2 Qe5 33.Qh5 Bxg5 34.Qxg5 Qxg5 35.Bxg5 f6 36.Be3 bxa4
37.bxa4 Ne5 38.Nb3 Nc4 39.Bf2 Nc7 40.Nc5 Re8 41.Bg3 Na8 42.Rb1 a5 43.Kg1 Rc8
44.Nd7 Kf7 45.Rb7 Ke6 46.Bf2 Kd6 47.Nc5 Nc7 48.Ra7 Ra8 49.Rb7 Kc6 50.Rb3 Re8
51.e4 dxe4 52.Nxe4 Rd8 53.Rb1 Rd3 54.Rc1 Kd5 55.Nc3+ Rxc3 56.Rxc3 Ne6 57.Rb3 Kc6
58.Rb8 g5 59.Kf1 Nf4 60.Rc8+  1-0

[Event "Wch-blitz"]
[Site "Saint John"]
[Date "1988.??.??"]
[Round "1"]
[White "Georgiev, Kiril"]
[Black "Gipslis, Aivars"]
[Result "0-1"]
[WhiteElo "2595"]
[BlackElo "2505"]

1.Nf3 Nf6 2.c4 e6 3.Nc3 c5 4.d4 cxd4 5.Nxd4 Bb4 6.Bd2 O-O 7.a3 Be7 8.Bf4 d5
9.e3 Nc6 10.cxd5 exd5 11.Be2 Re8 12.O-O h6 13.Rc1 a6 14.Nxc6 bxc6 15.Na4 Bd7
16.Nc5 a5 17.Qd4 Bf8 18.Rfd1 Ne4 19.Nxd7 Qxd7 20.Bf3 Ra7 21.b4 axb4 22.axb4 g5
23.Bg3 Bg7 24.Qd3 Nd6 25.Bxd6 Qxd6 26.b5 cxb5 27.Qxb5 Rb8 28.Qxd5 Qf6 29.h3 Ra3
30.Rd3 Ra1 31.Rxa1 Qxa1+  0-1

[Event "Sarajevo"]
[Site "Sarajevo"]
[Date "1988.??.??"]
[Round "?"]
[White "Dorfman, Josif D"]
[Black "Hulak, Krunoslav"]
[Result "1/2-1/2"]
[WhiteElo "2520"]
[BlackElo "2475"]

1.c4 Nf6 2.Nc3 c5 3.Nf3 e6 4.g3 b6 5.Bg2 Bb7 6.O-O Be7 7.b3 O-O 8.d4 cxd4
9.Qxd4 Nc6 10.Qf4 Qb8 11.Rd1 Rd8 12.Bb2 Qxf4 13.gxf4 Na5 14.Rac1 d5 15.cxd5 Nxd5
16.Nxd5 Bxd5 17.Ne5 Bxg2 18.Kxg2 f6  1/2-1/2

[Event "Sarajevo"]
[Site "Sarajevo"]
[Date "1988.??.??"]
[Round "?"]
[White "Dorfman, Josif D"]
[Black "Dizdarevic, Emir"]
[Result "1/2-1/2"]
[WhiteElo "2520"]
[BlackElo "2485"]

1.c4 Nf6 2.Nc3 c5 3.Nf3 e6 4.d4 cxd4 5.Nxd4 a6 6.e4 Qc7 7.Bd3 Nc6 8.Nxc6 dxc6
9.O-O e5 10.Rb1 Be6 11.b4 Be7 12.Qc2 O-O 13.c5 a5 14.a3 axb4 15.axb4 Rfd8
16.Rd1 h6 17.Na4 Nh5 18.Bb2 Nf4 19.Nb6 Rab8 20.Bc4 Rxd1+ 21.Rxd1 Rd8 22.Rxd8+ Bxd8
23.Bxe6 Nxe6 24.Nc4 f6 25.Qd1 Qe7 26.Bc3 Bc7 27.h4 Qf7 28.Ne3 h5 29.g3 g6
30.Qd3 Nf8  1/2-1/2

[Event "Tatran Cup"]
[Site "Stary Smokovec"]
[Date "1988.??.??"]
[Round "4"]
[White "Cvetkovic, Srdjan"]
[Black "Vokac, Marek"]
[Result "1/2-1/2"]
[WhiteElo "2450"]
[BlackElo "2450"]

1.c4 Nf6 2.Nc3 c5 3.Nf3 g6 4.e4 d6 5.d4 cxd4 6.Nxd4 Bg7 7.Be2 Nc6 8.Be3 O-O
9.O-O Nxd4 10.Bxd4 Bd7 11.f3 a5 12.Nd5 Nxd5 13.cxd5 a4 14.Bxg7 Kxg7 15.Qd4+ f6
16.Rfc1 Ra5 17.Rc3 b6 18.Bd1 Rc5 19.Bxa4 Rxc3 20.bxc3 Bxa4 21.Qxa4 Qc7 22.Qb4 Rc8
23.Rc1 Qa7 24.Qb2 b5+ 25.Qf2 Qa3 26.Qd2 Rc4 27.Rc2 Qc5+ 28.Qf2 Qc7 29.a3 Rxc3
30.Rxc3 Qxc3 31.Qe2 Qc5+ 32.Kf1 Kf7 33.Qd3 Ke8 34.h3 Kd7 35.Ke2 Kc7 36.Qb3 Kb6
37.Kd3 Ka5 38.Ke2 h5 39.g4 h4 40.Kd2 Qf2+ 41.Kd1 Qd4+ 42.Kc2 Qf2+  1/2-1/2

[Event "Rilton Cup"]
[Site "Stockholm"]
[Date "1988.??.??"]
[Round "?"]
[White "Larsson, Per"]
[Black "Ziegler, Ari"]
[Result "1/2-1/2"]
[WhiteElo "2320"]
[BlackElo "2260"]

1.Nf3 Nf6 2.c4 c5 3.Nc3 e6 4.g3 Nc6 5.Bg2 d5 6.cxd5 exd5 7.d4 Be7 8.O-O O-O
9.dxc5 Bxc5 10.Bg5 Be6 11.Rc1 Be7 12.Nd4 h6 13.Be3 Re8 14.Nxc6 bxc6 15.Na4 Qa5
16.b3 Rac8 17.Bc5 Bxc5 18.Rxc5 Qa6 19.e3 Bf5 20.Qd4 Nd7 21.Rc3 Ne5 22.f3 Re7
23.Rf2 Rce8 24.h3 Qb5 25.Nc5 a5 26.g4 Bh7 27.f4 Ng6 28.f5 Ne5 29.e4 Qb4 30.Qxb4 axb4
31.Rcc2 d4 32.Rcd2 Rd8 33.Nd3 Nxd3 34.Rxd3 c5 35.Kh2 f6 36.Kg3 Kf8 37.Kf4 Bg8
38.Rdd2 Re5 39.Bf1 Bf7 40.Bd3 Ke7 41.h4 Rh8 42.Rh2 Kd6 43.g5  1/2-1/2

[Event "Rilton Cup"]
[Site "Stockholm"]
[Date "1988.??.??"]
[Round "?"]
[White "Larsson, Per"]
[Black "Astrom, Goran"]
[Result "1/2-1/2"]
[WhiteElo "2320"]
[BlackElo "2200"]

1.Nf3 c5 2.c4 Nf6 3.Nc3 e6 4.g3 b6 5.Bg2 Bb7 6.O-O Be7 7.d4 cxd4 8.Qxd4 d6
9.Rd1 a6 10.Ng5 Bxg2 11.Kxg2 Nc6 12.Qf4 Ra7 13.Nce4 Rd7 14.Nxf6+ Bxf6 15.Nxh7 Rxh7
16.Qe4 Rh5 17.Qxc6 Rc5 18.Qe4 Qc8 19.Be3 Rxc4 20.Qd3 b5 21.Rd2 Qc6+  1/2-1/2

[Event "SWZ-ch"]
[Site "?"]
[Date "1988.??.??"]
[Round "?"]
[White "Ekstroem, Roland"]
[Black "Landenbergue, Claude"]
[Result "1/2-1/2"]
[WhiteElo "2440"]
[BlackElo "2325"]

1.c4 Nf6 2.Nc3 c5 3.Nf3 b6 4.g3 Bb7 5.Bg2 g6 6.O-O Bg7 7.d4 cxd4 8.Nxd4 Bxg2
9.Kxg2 Qc8 10.b3 d6 11.Bb2 Qb7+ 12.f3 O-O 13.e4 Nbd7 14.Qd2 a6 15.Rac1 Rfe8
16.Rfd1 Rad8 17.Nc2 Ne5 18.Qe2 e6 19.Ne3 g5 20.h3  1/2-1/2

[Event "URS Cup rapid"]
[Site "Tallinn"]
[Date "1988.??.??"]
[Round "2"]
[White "Vaganian, Rafael A"]
[Black "Mikhalchishin, Adrian"]
[Result "1-0"]
[WhiteElo "2625"]
[BlackElo "2490"]

1.Nf3 Nf6 2.c4 c5 3.Nc3 d5 4.cxd5 Nxd5 5.g3 Nc6 6.Bg2 g6 7.O-O Bg7 8.Nxd5 Qxd5
9.d3 O-O 10.Be3 Bd7 11.Nd4 Qd6 12.Nxc6 Bxc6 13.Bxc6 Qxc6 14.Rc1 Qe6 15.Rxc5 Qxa2
16.Rb5 b6 17.Qb3 Qxb3 18.Rxb3 Rfc8 19.Ra1 Rc2 20.Rxb6 Rxe2 21.Rxa7 Re8 22.b4 f5
23.b5 Rb2 24.Rbb7 g5 25.Kg2 f4 26.Bc5 Bf6 27.b6 fxg3 28.hxg3 Kf7 29.Rc7 h5
30.Rc6 Rb3 31.d4 h4 32.b7 hxg3 33.Rb6 Rxb6 34.Bxb6  1-0

[Event "URS Cup rapid"]
[Site "Tallinn"]
[Date "1988.??.??"]
[Round "10"]
[White "Azmaiparashvili, Zurab"]
[Black "Psakhis, Lev"]
[Result "0-1"]
[WhiteElo "2540"]
[BlackElo "2550"]

1.c4 c5 2.Nc3 b6 3.Nf3 Nf6 4.g3 Bb7 5.Bg2 g6 6.d4 cxd4 7.Qxd4 Bg7 8.O-O d6
9.Rd1 Nbd7 10.Bd2 Rc8 11.b3 O-O 12.Qh4 Rc5 13.Rac1 Qa8 14.Bh6 Rh5 15.Bxg7 Rxh4
16.Bxf8 Bxf3 17.Bxf3 Qxf8 18.gxh4 Qh6 19.Nd5 Kf8 20.Nxf6 Nxf6 21.e3 Qxh4
22.Rd4 Qg5+ 23.Kf1 Qa5 24.Rc2 Qf5 25.Bd1 Kg7 26.Kg2 h5 27.a4 Ng4 28.Rf4 Qg5
29.Bxg4 hxg4 30.Rd4 Qa5 31.Rcd2 Qb4  0-1

[Event "Thessaloniki ol (Men)"]
[Site "Thessaloniki"]
[Date "1988.??.??"]
[Round "1"]
[White "Aboulsalam, S."]
[Black "Frois, Antonio"]
[Result "0-1"]
[WhiteElo "2200"]
[BlackElo "2340"]

1.c4 Nf6 2.Nc3 g6 3.Nf3 c5 4.d4 cxd4 5.Nxd4 Bg7 6.g3 O-O 7.Bg2 Nc6 8.O-O Nxd4
9.Qxd4 d6 10.Qh4 Qa5 11.Bh6 Bxh6 12.Qxh6 Be6 13.Qe3 a6 14.Rfd1 Rac8 15.Rd4 Qe5
16.Bxb7 Rb8 17.Bxa6 Qxe3 18.fxe3 Rxb2 19.Nd5 Bxd5 20.cxd5 Ra8 21.Bc4 Nd7
22.a4 Ra5 23.Bd3 Nc5 24.Ra3 Kg7 25.Kf2 g5 26.h4 h6 27.hxg5 hxg5 28.Rg4 Kf6
29.Kf3 Nd7 30.Rd4 Ne5+ 31.Kf2 Nd7 32.Ra1 Nc5 33.Kg1 Kg7 34.g4 Nb3 35.Rb4 Nxa1
36.Rxb2 Rxa4 37.e4 Ra3 38.Bc2 Rc3 39.Bd3 Nb3 40.Kf2 Nc5 41.Ke3 Rc1 42.Rb1 Nxd3
43.Rb7 Ne5 44.Rxe7 Nxg4+ 45.Kd2 Ra1 46.Rb7 Ra4 47.Rb6 Nf6 48.e5 dxe5 49.d6  0-1

[Event "Thessaloniki ol (Men)"]
[Site "Thessaloniki"]
[Date "1988.??.??"]
[Round "1"]
[White "Schmidt, Wlodzimierz"]
[Black "Cochrane, John Miles"]
[Result "1-0"]
[WhiteElo "2465"]
[BlackElo "2205"]

1.Nf3 Nf6 2.c4 e6 3.Nc3 c5 4.g3 Nc6 5.Bg2 Be7 6.d4 cxd4 7.Nxd4 O-O 8.O-O a6
9.b3 Qc7 10.Bb2 b6 11.Rc1 Bb7 12.Nd5 Qd8 13.Nxe7+ Qxe7 14.e4 Rfb8 15.Nc2 d6
16.Re1 Rd8 17.Qe2 Rab8 18.Red1 Rd7 19.Ba3 Qd8 20.Rd2 Qc7 21.Rcd1 Rbd8 22.Bc1 Ne8
23.Ne3 Ne5 24.f4 Ng6 25.h4 Nf8 26.h5 Bc6 27.h6 f6 28.Ng4 Rf7 29.hxg7 Kxg7
30.e5 Bxg2 31.exf6+ Kh8 32.Kxg2 Qb7+ 33.Kg1 Qc7 34.Nh6 Rfd7 35.Qg4 Ng6 36.Qxe6  1-0

[Event "Thessaloniki ol (Men)"]
[Site "Thessaloniki"]
[Date "1988.??.??"]
[Round "1"]
[White "Kamuhangire, Silver"]
[Black "Antonio, Rogelio Jr"]
[Result "0-1"]
[WhiteElo "2200"]
[BlackElo "2325"]

1.Nf3 c5 2.c4 Nf6 3.Nc3 b6 4.d4 cxd4 5.Nxd4 Bb7 6.Bf4 d6 7.Bg3 Nbd7 8.f3 g6
9.e4 Bg7 10.Be2 O-O 11.O-O Rc8 12.Rc1 Bh6 13.Rc2 a6 14.Bf2 e6 15.Re1 Qe7
16.Bf1 Rfd8 17.b4 Re8 18.a3 Nh5 19.Nb3 Bc6 20.a4 Bg7 21.a5 bxa5 22.Nxa5 Ba8
23.Qd2 Ne5 24.Na4 Rcd8 25.Nb6 Bb7 26.Ra2 Qc7 27.Ra3 Nf6 28.Qa2 Ba8 29.Rb1 Bxe4
30.fxe4 Nxe4 31.Kh1 Ng4 32.Bg1 d5 33.g3 d4 34.c5 Nc3 35.Qc2 Nxb1 36.Qxb1 e5
37.Nac4 e4 38.Bg2 e3 39.Qe1 d3 40.Ra1 Bxa1 41.Qxa1  0-1